| 000 | 00528nam a2200229Ia 4500 | ||
|---|---|---|---|
| 003 | OSt | ||
| 005 | 20240104102601.0 | ||
| 008 | 210210b1964 xxu||||| |||| 00| 0 eng d | ||
| 040 | _cAL | ||
| 041 | _aeng | ||
| 082 | _a330/439 | ||
| 100 |
_aSUNDHARAM _9147249 |
||
| 245 | _aPrinciples of economics | ||
| 260 |
_aAgra _b- _c1964 |
||
| 650 |
_aPrinciples _9147250 |
||
| 650 |
_aof _9147251 |
||
| 650 |
_aeconomics _9147252 |
||
| 690 |
_aEconomics _9147253 |
||
| 700 |
_aVAISH _9147254 |
||
| 906 | _a003842 | ||
| 942 |
_2ddc _cBK |
||
| 999 |
_c121216 _d121216 |
||